[Event "Halifax"]
[Site "Halifax CAN"]
[Date "2017.07.07"]
[Round "1"]
[White "Gonzalez Cueto, Jose"]
[Black "McKay, Brian"]
[Result "1-0"]
[WhiteElo "2028"]
[BlackElo "1885"]
[WhiteFideId "-1"]
[WhiteFideId "-1"]
[PlyCount "97"]
[GameId "2160767908344364"]
[EventDate "2017.07.07"]
[EventType "tourn"]
[EventRounds "5"]
[EventCountry "CAN"]
[SourceTitle "EXT 2022"]
[Source "ChessBase"]
[SourceDate "2021.10.06"]
[SourceVersion "1"]
[SourceVersionDate "2021.10.06"]
[SourceQuality "1"]

1. d4 Nf6 2. Nf3 g6 3. g3 Bg7 4. Bg2 d6 5. O-O O-O 6. c4 Nbd7 7. Nc3 c5 8. d5 a6 9. Re1 Qa5 10. e4 b5 11. e5 Ng4 12. exd6 exd6 13. Ne4 Qb6 14. Qb3 Nde5 15. h3 Nxf3+ 16. Bxf3 Ne5 17. Be2 Bxh3 18. f4 Ng4 19. Nf2 Bd4 20. Bxg4 Bxg4 21. Be3 Bxe3 22. Rxe3 Bd7 23. Rae1 Rfe8 24. Ne4 Qd8 25. Qc3 b4 26. Qf6 Bf5 27. Qxd6 Bxe4 28. Qxd8 Raxd8 29. Rxe4 Rxe4 30. Rxe4 Kf8 31. Kf2 Rd6 32. Kf3 h6 33. g4 a5 34. Re2 a4 35. Rh2 Kg7 36. Ke4 f6 37. Rg2 Rd7 38. Rd2 Rd6 39. f5 g5 40. Kf3 Kf7 41. Rh2 Kg7 42. Re2 Kf7 43. Re6 Rd8 44. d6 Rd7 45. Ke4 Ra7 46. Kd5 h5 47. gxh5 Kg7 48. Re7+ Rxe7 49. dxe7 1-0

[Event "Halifax"]
[Site "Halifax CAN"]
[Date "2017.07.07"]
[Round "1"]
[White "Kenney, David"]
[Black "Felix, Chris"]
[Result "0-1"]
[WhiteElo "1887"]
[BlackElo "2037"]
[WhiteFideId "-1"]
[WhiteFideId "-1"]
[PlyCount "104"]
[GameId "2160767908344365"]
[EventDate "2017.07.07"]
[EventType "tourn"]
[EventRounds "5"]
[EventCountry "CAN"]
[SourceTitle "EXT 2022"]
[Source "ChessBase"]
[SourceDate "2021.10.06"]
[SourceVersion "1"]
[SourceVersionDate "2021.10.06"]
[SourceQuality "1"]

1. d4 Nf6 2. Nf3 c5 3. e3 g6 4. Be2 Bg7 5. O-O O-O 6. Nbd2 b6 7. c3 Bb7 8. Re1 Qc7 9. Bd3 Nc6 10. dxc5 bxc5 11. e4 e6 12. Nf1 d5 13. exd5 exd5 14. Ng3 Rad8 15. Bd2 Qb6 16. h3 Nd7 17. Bf4 Rfe8 18. Qc2 d4 19. Rxe8+ Rxe8 20. Ne4 Nce5 21. Ned2 Nxd3 22. Qxd3 Ba6 23. Qc2 dxc3 24. bxc3 Qf6 25. Be3 Qxc3 26. Qxc3 Bxc3 27. Rc1 Bb4 28. Nc4 Nb6 29. Nce5 c4 30. Ng4 Rc8 31. Nf6+ Kg7 32. Bd4 Bc5 33. Ba1 Na4 34. Nd7+ c3 35. Nxc5 Rxc5 36. Nd4 Bd3 37. Nb3 Rc7 38. f3 Kf6 39. Kf2 Ke6 40. Ke3 Ba6 41. Nd4+ Kd5 42. Nb3 Kc4 43. Rd1 Kb4 44. Rd4+ Ka3 45. Nc1 Re7+ 46. Re4 Rxe4+ 47. fxe4 Bc4 48. Kd4 Bf1 49. g3 Bxh3 50. Bxc3 Nxc3 51. Kxc3 Be6 52. e5 Bxa2 0-1

[Event "Halifax"]
[Site "Halifax CAN"]
[Date "2017.07.08"]
[Round "2"]
[White "Felix, Chris"]
[Black "McKay, Brian"]
[Result "1/2-1/2"]
[WhiteElo "2037"]
[BlackElo "1885"]
[WhiteFideId "-1"]
[WhiteFideId "-1"]
[PlyCount "55"]
[GameId "2160767908344366"]
[EventDate "2017.07.07"]
[EventType "tourn"]
[EventRounds "5"]
[EventCountry "CAN"]
[SourceTitle "EXT 2022"]
[Source "ChessBase"]
[SourceDate "2021.10.06"]
[SourceVersion "1"]
[SourceVersionDate "2021.10.06"]
[SourceQuality "1"]

1. e4 e5 2. Nf3 Nc6 3. Bc4 Bc5 4. c3 Nf6 5. d3 d6 6. a4 a6 7. O-O O-O 8. h3 h6 9. Nbd2 Ba7 10. Re1 Na5 11. Ba2 c5 12. Nf1 Nc6 13. Ng3 Ne7 14. Be3 Qc7 15. Qd2 Kh7 16. d4 b5 17. Bb3 c4 18. Bc2 Be6 19. Ra3 Bd7 20. Nh4 Neg8 21. f4 g6 22. Nf3 exd4 23. Nxd4 Bc5 24. Raa1 Qb6 25. a5 Qc7 26. Bf2 Rad8 27. h4 Ng4 28. Bd1 1/2-1/2

[Event "Halifax"]
[Site "Halifax CAN"]
[Date "2017.07.08"]
[Round "2"]
[White "Giacomin, Gordon"]
[Black "Gonzalez Cueto, Jose"]
[Result "0-1"]
[WhiteElo "1954"]
[BlackElo "2028"]
[WhiteFideId "-1"]
[WhiteFideId "-1"]
[PlyCount "42"]
[GameId "2160767908344367"]
[EventDate "2017.07.07"]
[EventType "tourn"]
[EventRounds "5"]
[EventCountry "CAN"]
[SourceTitle "EXT 2022"]
[Source "ChessBase"]
[SourceDate "2021.10.06"]
[SourceVersion "1"]
[SourceVersionDate "2021.10.06"]
[SourceQuality "1"]

1. e4 e5 2. Nf3 Nf6 3. Nxe5 d6 4. Nf3 Nxe4 5. d3 Nf6 6. d4 Be7 7. Bd3 Bg4 8. O-O Nc6 9. c3 O-O 10. Re1 d5 11. Nbd2 Ne8 12. Nf1 Nd6 13. Ne3 Be6 14. Qc2 f5 15. Ne5 Nxe5 16. dxe5 Ne4 17. f3 Bc5 18. Kh1 Qh4 19. Bd2 Nf2+ 20. Kg1 Nxd3 21. Qxd3 f4 0-1

[Event "Halifax"]
[Site "Halifax CAN"]
[Date "2017.07.08"]
[Round "2"]
[White "Kenney, David"]
[Black "Charlton, Glenn"]
[Result "1/2-1/2"]
[WhiteElo "1887"]
[BlackElo "2045"]
[WhiteFideId "-1"]
[WhiteFideId "-1"]
[PlyCount "38"]
[GameId "2160767908344368"]
[EventDate "2017.07.07"]
[EventType "tourn"]
[EventRounds "5"]
[EventCountry "CAN"]
[SourceTitle "EXT 2022"]
[Source "ChessBase"]
[SourceDate "2021.10.06"]
[SourceVersion "1"]
[SourceVersionDate "2021.10.06"]
[SourceQuality "1"]

1. d4 Nf6 2. c4 g6 3. Nc3 Bg7 4. e4 d6 5. f3 a6 6. Be3 c6 7. Qd2 b5 8. Bd3 Nbd7 9. Nge2 O-O 10. h4 bxc4 11. Bxc4 d5 12. Bd3 e5 13. exd5 cxd5 14. g4 e4 15. fxe4 dxe4 16. Nxe4 Bb7 17. Nxf6+ Bxf6 18. Rg1 Bxh4+ 19. Kd1 Bf6 1/2-1/2

[Event "Halifax"]
[Site "Halifax CAN"]
[Date "2017.07.08"]
[Round "3"]
[White "Charlton, Glenn"]
[Black "Felix, Chris"]
[Result "1/2-1/2"]
[WhiteElo "2045"]
[BlackElo "2037"]
[WhiteFideId "-1"]
[WhiteFideId "-1"]
[PlyCount "44"]
[GameId "2160767908344369"]
[EventDate "2017.07.07"]
[EventType "tourn"]
[EventRounds "5"]
[EventCountry "CAN"]
[SourceTitle "EXT 2022"]
[Source "ChessBase"]
[SourceDate "2021.10.06"]
[SourceVersion "1"]
[SourceVersionDate "2021.10.06"]
[SourceQuality "1"]

1. d4 Nf6 2. Bf4 c5 3. d5 d6 4. Nc3 g6 5. e4 Bg7 6. Nf3 O-O 7. a4 Nbd7 8. h3 a6 9. Be2 b6 10. O-O Bb7 11. Re1 Qc7 12. Bc4 Nh5 13. Bh2 Ne5 14. Be2 Nxf3+ 15. Bxf3 Nf6 16. e5 Nd7 17. exd6 exd6 18. Be2 Rfe8 19. Qd2 Re7 20. Bf1 Rae8 21. Rxe7 Rxe7 22. Re1 Nf6 1/2-1/2

[Event "Halifax"]
[Site "Halifax CAN"]
[Date "2017.07.08"]
[Round "3"]
[White "Gonzalez Cueto, Jose"]
[Black "Kenney, David"]
[Result "1/2-1/2"]
[WhiteElo "2028"]
[BlackElo "1887"]
[WhiteFideId "-1"]
[WhiteFideId "-1"]
[PlyCount "130"]
[GameId "2160767908344370"]
[EventDate "2017.07.07"]
[EventType "tourn"]
[EventRounds "5"]
[EventCountry "CAN"]
[SourceTitle "EXT 2022"]
[Source "ChessBase"]
[SourceDate "2021.10.06"]
[SourceVersion "1"]
[SourceVersionDate "2021.10.06"]
[SourceQuality "1"]

1. d4 Nf6 2. Nf3 g6 3. g3 Bg7 4. Bg2 d6 5. O-O O-O 6. c4 Na6 7. Nc3 c5 8. Bg5 h6 9. Be3 Ng4 10. Bc1 cxd4 11. Nxd4 Nc5 12. b3 Nf6 13. Bb2 a6 14. Re1 Rb8 15. e4 e5 16. Nc2 Qe7 17. Ne3 Be6 18. Qe2 b6 19. Rad1 Rfd8 20. Rd2 Bf8 21. Red1 Qc7 22. Qf1 Bg7 23. b4 Nb7 24. Ncd5 Bxd5 25. Nxd5 Nxd5 26. Rxd5 Rbc8 27. Bh3 Ra8 28. Qd3 Re8 29. Qc3 Rad8 30. a4 f6 31. Ba3 Bf8 32. Bf1 a5 33. Rb1 axb4 34. Qxb4 Nc5 35. Qxb6 Qxb6 36. Rxb6 Nxa4 37. Rb3 Nc5 38. Re3 Kf7 39. Bc1 f5 40. exf5 gxf5 41. Rf3 Kg6 42. Bh3 f4 43. gxf4 exf4 44. Bxf4 Ne4 45. Bf5+ Kg7 46. Re3 Ng5 47. Rxe8 Rxe8 48. Bxd6 Nf3+ 49. Kf1 Re1+ 50. Kg2 Nh4+ 51. Kh3 Bxd6 52. Kxh4 Bxh2 53. c5 Rc1 54. Bd7 Bf4 55. Kg4 Rc4 56. c6 Bc7+ 57. Kh3 Kf6 58. Rf5+ Kg6 59. f3 Rc1 60. f4 Rc3+ 61. Kh4 Rc1 62. Rf8 Rc4 63. Rg8+ Kf7 64. Rg4 Rxf4 65. Rxf4+ Bxf4 1/2-1/2

[Event "Halifax"]
[Site "Halifax CAN"]
[Date "2017.07.08"]
[Round "3"]
[White "McKay, Brian"]
[Black "Giacomin, Gordon"]
[Result "1-0"]
[WhiteElo "1885"]
[BlackElo "1954"]
[WhiteFideId "-1"]
[WhiteFideId "-1"]
[PlyCount "35"]
[GameId "2160767908344371"]
[EventDate "2017.07.07"]
[EventType "tourn"]
[EventRounds "5"]
[EventCountry "CAN"]
[SourceTitle "EXT 2022"]
[Source "ChessBase"]
[SourceDate "2021.10.06"]
[SourceVersion "1"]
[SourceVersionDate "2021.10.06"]
[SourceQuality "1"]

1. Nf3 d5 2. d4 Nf6 3. Bf4 e6 4. e3 Bd6 5. Bg3 O-O 6. Nbd2 b6 7. Bd3 Bb7 8. c3 c5 9. Rc1 Nc6 10. Bh4 Be7 11. Bg3 Nh5 12. Ne5 Nxg3 13. Bxh7+ Kh8 14. hxg3 Bg5 15. Bg6+ Bh6 16. Nxf7+ Rxf7 17. Bxf7 Qf6 18. Qf3 1-0

[Event "Halifax"]
[Site "Halifax CAN"]
[Date "2017.07.09"]
[Round "4"]
[White "Felix, Chris"]
[Black "Gonzalez Cueto, Jose"]
[Result "1-0"]
[WhiteElo "2037"]
[BlackElo "2028"]
[WhiteFideId "-1"]
[WhiteFideId "-1"]
[PlyCount "53"]
[GameId "2160767908344372"]
[EventDate "2017.07.07"]
[EventType "tourn"]
[EventRounds "5"]
[EventCountry "CAN"]
[SourceTitle "EXT 2022"]
[Source "ChessBase"]
[SourceDate "2021.10.06"]
[SourceVersion "1"]
[SourceVersionDate "2021.10.06"]
[SourceQuality "1"]

1. e4 e5 2. f4 exf4 3. Nf3 Be7 4. Be2 Bh4+ 5. Kf1 Be7 6. d4 d6 7. Bxf4 Nf6 8. Nc3 O-O 9. Kf2 Ng4+ 10. Kg1 f5 11. e5 g5 12. exd6 gxf4 13. Bc4+ Kh8 14. dxe7 Qxe7 15. Nd5 Qg7 16. Nxf4 Ne3 17. Qd3 Nxc4 18. Qxc4 Re8 19. Kf2 Re4 20. Rae1 Nc6 21. Qd5 Rxe1 22. Rxe1 Qg8 23. c3 a5 24. Ne5 Nxe5 25. Qxe5+ Qg7 26. Qe8+ Qg8 27. Nh5 1-0

[Event "Halifax"]
[Site "Halifax CAN"]
[Date "2017.07.09"]
[Round "4"]
[White "Kenney, David"]
[Black "Giacomin, Gordon"]
[Result "1/2-1/2"]
[WhiteElo "1887"]
[BlackElo "1954"]
[WhiteFideId "-1"]
[WhiteFideId "-1"]
[PlyCount "21"]
[GameId "2160767908344373"]
[EventDate "2017.07.07"]
[EventType "tourn"]
[EventRounds "5"]
[EventCountry "CAN"]
[SourceTitle "EXT 2022"]
[Source "ChessBase"]
[SourceDate "2021.10.06"]
[SourceVersion "1"]
[SourceVersionDate "2021.10.06"]
[SourceQuality "1"]

1. d4 Nf6 2. Nf3 e6 3. e3 b6 4. Bd3 Bb7 5. Nbd2 c5 6. O-O Be7 7. Re1 O-O 8. c3 Nc6 9. e4 cxd4 10. cxd4 d6 11. a3 1/2-1/2

[Event "Halifax"]
[Site "Halifax CAN"]
[Date "2017.07.09"]
[Round "4"]
[White "McKay, Brian"]
[Black "Charlton, Glenn"]
[Result "1/2-1/2"]
[WhiteElo "1885"]
[BlackElo "2045"]
[WhiteFideId "-1"]
[WhiteFideId "-1"]
[PlyCount "36"]
[GameId "2160767908344374"]
[EventDate "2017.07.07"]
[EventType "tourn"]
[EventRounds "5"]
[EventCountry "CAN"]
[SourceTitle "EXT 2022"]
[Source "ChessBase"]
[SourceDate "2021.10.06"]
[SourceVersion "1"]
[SourceVersionDate "2021.10.06"]
[SourceQuality "1"]

1. Nf3 Nf6 2. d4 g6 3. Bf4 Bg7 4. Nbd2 d5 5. e3 O-O 6. Bd3 c5 7. c3 Nc6 8. h3 Nd7 9. O-O e5 10. dxe5 Ndxe5 11. Be2 b6 12. Nxe5 Nxe5 13. Nf3 Re8 14. Nxe5 Bxe5 15. Bxe5 Rxe5 16. Bf3 Bb7 17. Qd3 Qe7 18. Rfd1 Re8 1/2-1/2

[Event "Halifax"]
[Site "Halifax CAN"]
[Date "2017.07.09"]
[Round "5"]
[White "Charlton, Glenn"]
[Black "Gonzalez Cueto, Jose"]
[Result "1/2-1/2"]
[WhiteElo "2045"]
[BlackElo "2028"]
[WhiteFideId "-1"]
[WhiteFideId "-1"]
[PlyCount "37"]
[GameId "2160767908344375"]
[EventDate "2017.07.07"]
[EventType "tourn"]
[EventRounds "5"]
[EventCountry "CAN"]
[SourceTitle "EXT 2022"]
[Source "ChessBase"]
[SourceDate "2021.10.06"]
[SourceVersion "1"]
[SourceVersionDate "2021.10.06"]
[SourceQuality "1"]

1. d4 Nf6 2. Bf4 d5 3. e3 e6 4. Nd2 Bd6 5. Bg3 O-O 6. Bd3 c5 7. c3 Nc6 8. Ngf3 Qe7 9. Ne5 Nd7 10. Nxd7 Bxd7 11. Bxd6 Qxd6 12. dxc5 Qxc5 13. Bxh7+ Kxh7 14. Qh5+ Kg8 15. Ne4 Qc4 16. Ng5 Rfd8 17. Qxf7+ Kh8 18. Qh5+ Kg8 19. Qf7+ 1/2-1/2

[Event "Halifax"]
[Site "Halifax CAN"]
[Date "2017.07.09"]
[Round "5"]
[White "Giacomin, Gordon"]
[Black "Felix, Chris"]
[Result "1/2-1/2"]
[WhiteElo "1954"]
[BlackElo "2037"]
[WhiteFideId "-1"]
[WhiteFideId "-1"]
[PlyCount "26"]
[GameId "2160767908344376"]
[EventDate "2017.07.07"]
[EventType "tourn"]
[EventRounds "5"]
[EventCountry "CAN"]
[SourceTitle "EXT 2022"]
[Source "ChessBase"]
[SourceDate "2021.10.06"]
[SourceVersion "1"]
[SourceVersionDate "2021.10.06"]
[SourceQuality "1"]

1. e4 c5 2. Nf3 d6 3. d4 cxd4 4. Nxd4 Nf6 5. Nc3 a6 6. Be2 e5 7. Nb3 Be7 8. O-O O-O 9. Kh1 b6 10. Be3 Bb7 11. f3 Nbd7 12. Qd2 Rc8 13. Rfd1 Qc7 1/2-1/2

[Event "Halifax"]
[Site "Halifax CAN"]
[Date "2017.07.09"]
[Round "5"]
[White "McKay, Brian"]
[Black "Kenney, David"]
[Result "1/2-1/2"]
[WhiteElo "1885"]
[BlackElo "1887"]
[WhiteFideId "-1"]
[WhiteFideId "-1"]
[PlyCount "23"]
[GameId "2160767908344377"]
[EventDate "2017.07.07"]
[EventType "tourn"]
[EventRounds "5"]
[EventCountry "CAN"]
[SourceTitle "EXT 2022"]
[Source "ChessBase"]
[SourceDate "2021.10.06"]
[SourceVersion "1"]
[SourceVersionDate "2021.10.06"]
[SourceQuality "1"]

1. Nf3 d5 2. d4 Nf6 3. Bf4 e6 4. e3 Bd6 5. Bg5 Nbd7 6. Bd3 h6 7. Bh4 c6 8. Nbd2 Be7 9. c3 O-O 10. Bg3 c5 11. h3 Qb6 12. Rb1 1/2-1/2

[Event "Hart House CC Holidays op U1900"]
[Site "Toronto CAN"]
[Date "2017.12.16"]
[Round "2"]
[White "Sharpe, Michael"]
[Black "Shah, Omar"]
[Result "1/2-1/2"]
[WhiteElo "1849"]
[BlackElo "1799"]
[WhiteFideId "-1"]
[WhiteFideId "-1"]
[PlyCount "30"]
[GameId "2160767908292137"]
[EventDate "2017.12.15"]
[EventType "swiss"]
[EventRounds "5"]
[EventCountry "CAN"]
[SourceTitle "hb 2019"]

1. c4 c5 2. Nf3 Nf6 3. Nc3 b6 4. g3 Bb7 5. Bg2 e6 6. O-O Be7 7. b3 O-O 8. d4 cxd4 9. Nxd4 Bxg2 10. Kxg2 d5 11. cxd5 Nxd5 12. Bb2 Nxc3 13. Bxc3 Qc8 14. Qd3 Qb7+ 15. Qf3 Qxf3+ 1/2-1/2

[Event "Hart House CC Holidays op U1900"]
[Site "Toronto CAN"]
[Date "2017.12.16"]
[Round "3"]
[White "Shah, Omar"]
[Black "Corrie, Michael"]
[Result "1-0"]
[WhiteElo "1799"]
[BlackElo "1669"]
[WhiteFideId "-1"]
[WhiteFideId "-1"]
[PlyCount "121"]
[GameId "2160767908292138"]
[EventDate "2017.12.15"]
[EventType "swiss"]
[EventRounds "5"]
[EventCountry "CAN"]
[SourceTitle "hb 2019"]

1. c4 f5 2. Nc3 e5 3. e4 Nf6 4. Bd3 f4 5. Nd5 Nc6 6. Nf3 Bc5 7. h3 d6 8. a3 Nxd5 9. cxd5 Nd4 10. b4 Nxf3+ 11. Qxf3 Bd4 12. Rb1 O-O 13. Bb2 Bxb2 14. Rxb2 Bd7 15. O-O Qg5 16. Rc1 c6 17. Bc4 Kh8 18. Rbc2 Rf6 19. Kh2 Rh6 20. Be2 Rh4 21. dxc6 bxc6 22. Qd3 Qh6 23. Bf1 Rf8 24. b5 f3 25. bxc6 fxg2 26. Bxg2 Bc8 27. Qe3 Rhf4 28. Kg1 Qg6 29. Qg3 Rxf2 30. Qxg6 hxg6 31. Rb2 R2f7 32. Rf1 Kg8 33. Rxf7 Rxf7 34. Bf1 Rc7 35. Bc4+ Kf8 36. Bd5 Ke7 37. Rb7 Kd8 38. Rb8 a6 39. Kg2 Ra7 40. Be6 Rc7 41. Rxc8+ Rxc8 42. Bxc8 Kxc8 43. Kg3 Kc7 44. Kg4 Kxc6 45. Kg5 Kb5 46. Kxg6 Ka4 47. Kxg7 Kxa3 48. h4 a5 49. h5 a4 50. h6 Kb2 51. h7 a3 52. h8=Q a2 53. Qb8+ Kc2 54. Qc7+ Kb2 55. Qb6+ Kc2 56. Qc6+ Kb1 57. Qb5+ Kc2 58. Qc4+ Kb1 59. Qb3+ Ka1 60. Qc2 d5 61. Qc1# 1-0

[Event "Hart House CC Holidays op U1900"]
[Site "Toronto CAN"]
[Date "2017.12.17"]
[Round "4"]
[White "Shen, Isamel"]
[Black "Shah, Omar"]
[Result "0-1"]
[WhiteElo "1477"]
[BlackElo "1799"]
[WhiteFideId "-1"]
[WhiteFideId "-1"]
[PlyCount "178"]
[GameId "2160767908292139"]
[EventDate "2017.12.15"]
[EventType "swiss"]
[EventRounds "5"]
[EventCountry "CAN"]
[SourceTitle "hb 2019"]

1. e4 c5 2. Nf3 d6 3. d4 cxd4 4. Nxd4 Nf6 5. Nc3 a6 6. Bc4 e6 7. Bg5 Be7 8. Bxf6 Bxf6 9. Nf3 O-O 10. O-O b5 11. Bb3 Bb7 12. Re1 Qc7 13. Qd2 Nc6 14. Rad1 Rfd8 15. a3 Rac8 16. Re2 Na5 17. Re3 Nc4 18. Bxc4 Qxc4 19. Rd3 Bxc3 20. bxc3 d5 21. exd5 Rxd5 22. Ne5 Qe4 23. Nf3 Qa4 24. Qc1 g6 25. Qb2 Rxd3 26. Rxd3 Be4 27. Rd2 Bxf3 28. gxf3 Qf4 29. Rd3 Rc4 30. Qa1 Qg5+ 31. Kh1 Qe5 32. Re3 Qd6 33. Rd3 Qe5 34. Re3 Qc7 35. Rd3 Rh4 36. Qg1 Ra4 37. Qd1 Rh4 38. Qg1 Rh5 39. Qg3 Qe7 40. Qb8+ Kg7 41. Rd8 Rd5 42. Rg8+ Kh6 43. Qf4+ Qg5 44. Qxg5+ Kxg5 45. Rg7 Rf5 46. Kg2 h5 47. Rg8 Rf4 48. Ra8 Ra4 49. Ra7 f6 50. Rc7 Rxa3 51. h3 Ra4 52. Kg3 e5 53. Rc6 h4+ 54. Kg2 Kf5 55. Kf1 Ra2 56. Ke1 a5 57. Kd2 a4 58. Rb6 Rb2 59. Kc1 a3 60. Ra6 b4 61. cxb4 Rxb4 62. Rxa3 Rd4 63. Re3 g5 64. c3 Rc4 65. Kd2 Ke6 66. Kd3 Kd5 67. Re4 Rc5 68. c4+ Ke6 69. Re1 Ra5 70. Rc1 f5 71. c5 Kd5 72. c6 Ra3+ 73. Ke2 Ra8 74. c7 Rc8 75. Rd1+ Ke6 76. Rc1 Kd6 77. Ra1 Rxc7 78. Ra6+ Rc6 79. Rxc6+ Kxc6 80. Ke3 Kc5 81. Kd3 Kd5 82. Ke3 Kc4 83. Ke2 Kd4 84. Kd2 g4 85. Ke2 gxf3+ 86. Kxf3 Kd3 87. Kg2 Ke2 88. Kg1 f4 89. Kg2 f3+ 0-1

[Event "Hart House CC Holidays op U1900"]
[Site "Toronto CAN"]
[Date "2017.12.17"]
[Round "5"]
[White "Shah, Omar"]
[Black "Ranola, Alberto"]
[Result "0-1"]
[WhiteElo "1799"]
[BlackElo "1881"]
[WhiteFideId "-1"]
[WhiteFideId "-1"]
[PlyCount "60"]
[GameId "2160767908292140"]
[EventDate "2017.12.15"]
[EventType "swiss"]
[EventRounds "5"]
[EventCountry "CAN"]
[SourceTitle "hb 2019"]

1. c4 Nf6 2. Nc3 g6 3. e4 d6 4. d4 Bg7 5. Be2 Nbd7 6. Be3 O-O 7. Qd2 e5 8. d5 Nc5 9. f3 a5 10. Bh6 Nfxe4 11. fxe4 Qh4+ 12. g3 Qxh6 13. Qxh6 Bxh6 14. Nf3 f5 15. exf5 Bxf5 16. O-O Bh3 17. Rfe1 e4 18. Nh4 Be3+ 19. Kh1 Bf2 20. Red1 Rae8 21. Nb5 Rf7 22. Rac1 g5 23. Ng2 Bxg2+ 24. Kxg2 Be3 25. Rc2 Rf2+ 26. Kh1 Rf7 27. Na3 Rf6 28. Bg4 Nd3 29. Be6+ Kg7 30. Rb1 Ref8 0-1

[Event "Hart House Reading Week op"]
[Site "Toronto CAN"]
[Date "2017.02.18"]
[Round "1"]
[White "Itkin, David"]
[Black "Vavrak, Peter"]
[Result "1-0"]
[WhiteElo "2292"]
[BlackElo "2491"]
[WhiteFideId "-1"]
[WhiteFideId "-1"]
[PlyCount "67"]
[GameId "2160767908478431"]
[EventDate "2017.02.18"]
[EventType "swiss"]
[EventRounds "6"]
[EventCountry "CAN"]
[SourceTitle "EXT 2022"]
[Source "ChessBase"]
[SourceDate "2021.10.06"]
[SourceVersion "1"]
[SourceVersionDate "2021.10.06"]
[SourceQuality "1"]

1. e4 e6 2. d4 d5 3. Nc3 Bb4 4. exd5 exd5 5. Bd3 Nc6 6. a3 Bxc3+ 7. bxc3 Nge7 8. Qf3 Be6 9. Rb1 b6 10. Ne2 Qd7 11. h3 Bf5 12. Ng3 Bg6 13. O-O O-O 14. Re1 Na5 15. a4 Rfe8 16. Ba3 Rad8 17. Re2 Nc8 18. Bb4 Rxe2 19. Qxe2 Qxa4 20. Re1 Nc4 21. Bxc4 dxc4 22. Qxc4 Qd7 23. Ne4 Re8 24. Qxc7 Bf5 25. Qf4 Be6 26. Re3 Qd8 27. Rg3 Kh8 28. Ng5 Qd7 29. Nxe6 Rxe6 30. d5 Rg6 31. c4 Rxg3 32. Qxg3 h6 33. Qg4 Qc7 34. Bf8 1-0

[Event "Hart House Reading Week op"]
[Site "Toronto CAN"]
[Date "2017.02.18"]
[Round "1"]
[White "Mark, Eddie"]
[Black "Plotkin, Victor"]
[Result "1/2-1/2"]
[WhiteElo "2275"]
[BlackElo "2401"]
[WhiteFideId "-1"]
[WhiteFideId "-1"]
[PlyCount "93"]
[GameId "2160767908478433"]
[EventDate "2017.02.18"]
[EventType "swiss"]
[EventRounds "6"]
[EventCountry "CAN"]
[SourceTitle "EXT 2022"]
[Source "ChessBase"]
[SourceDate "2021.10.06"]
[SourceVersion "1"]
[SourceVersionDate "2021.10.06"]
[SourceQuality "1"]

1. d4 d5 2. Nf3 e6 3. c4 c6 4. e3 f5 5. Nc3 Nf6 6. Bd3 Bd6 7. O-O O-O 8. b3 Ne4 9. Bb2 Nd7 10. Ne2 Qf6 11. Nf4 g5 12. Nh5 Qh6 13. Ne5 Nxe5 14. dxe5 Be7 15. Bxe4 fxe4 16. Nf6+ Bxf6 17. exf6 Bd7 18. Qd4 Rf7 19. f3 Qg6 20. fxe4 Qxe4 21. Qxe4 dxe4 22. Ba3 Re8 23. Rad1 e5 24. Be7 Bg4 25. Rd6 Rexe7 26. fxe7 Rxe7 27. h3 Bd7 28. Rfd1 Be6 29. Rd8+ Kg7 30. Ra8 a6 31. Rdd8 Bf7 32. Ra7 Kf6 33. Rb8 Rd7 34. Rbxb7 Rd1+ 35. Kh2 Bg6 36. Rxa6 g4 37. Rxc6+ Kf5 38. Rb5 gxh3 39. gxh3 Re1 40. Rcc5 Rxe3 41. Rxe5+ Kf4 42. Rg5 Re1 43. h4 e3 44. Rg1 Re2+ 45. Rg2 Re1 46. Rg1 Re2+ 47. Rg2 1/2-1/2

[Event "Hart House Reading Week op"]
[Site "Toronto CAN"]
[Date "2017.02.18"]
[Round "1"]
[White "Morrison, Robert"]
[Black "Nasir, Zehn"]
[Result "0-1"]
[WhiteElo "2299"]
[BlackElo "2202"]
[WhiteFideId "-1"]
[WhiteFideId "-1"]
[PlyCount "152"]
[GameId "2160767908478434"]
[EventDate "2017.02.18"]
[EventType "swiss"]
[EventRounds "6"]
[EventCountry "CAN"]
[SourceTitle "EXT 2022"]
[Source "ChessBase"]
[SourceDate "2021.10.06"]
[SourceVersion "1"]
[SourceVersionDate "2021.10.06"]
[SourceQuality "1"]

1. e4 c6 2. d3 d5 3. Nd2 e5 4. Qf3 Nf6 5. h3 Nbd7 6. g4 h6 7. Ne2 Nc5 8. Ng3 Ne6 9. c3 Bd7 10. a4 a5 11. Be2 g6 12. Ngf1 Be7 13. Ne3 Nf4 14. Ng2 Ne6 15. Qg3 Qc7 16. h4 O-O-O 17. f3 g5 18. Nb3 Nf4 19. Nxf4 exf4 20. Qf2 dxe4 21. dxe4 Bxg4 22. fxg4 Nxe4 23. Qf3 Ng3 24. Rh2 Qb6 25. Nd4 Rxd4 26. cxd4 Qxd4 27. Be3 Bb4+ 28. Kf2 Ne4+ 29. Kg1 fxe3 30. hxg5 Nxg5 31. Qf5+ Qd7 32. Qf6 Rd8 33. Qxh6 Ne6 34. Rf1 Nd4 35. Qg7 Bf8 36. Qxf7 Nxe2+ 37. Rxe2 Qxg4+ 38. Rg2 Qd4 39. Qf5+ Kb8 40. Rg4 Qd6 41. Rg6 Qd4 42. Rg4 Qd6 43. Rg6 Qc5 44. Qxc5 Bxc5 45. Kg2 Rd2+ 46. Kf3 Rxb2 47. Rg5 Bb6 48. Rg7 Rf2+ 49. Rxf2 exf2 50. Ke2 Ka7 51. Rf7 Bc5 52. Kd3 Ka6 53. Kc4 Ba7 54. Rf6 Be3 55. Kd3 Ba7 56. Kc4 Bb6 57. Rf7 Ka7 58. Rf8 Be3 59. Rf5 Kb8 60. Kd3 Ba7 61. Ke2 Bb6 62. Rf8+ Kc7 63. Rf7+ Kc8 64. Rf8+ Kc7 65. Rf7+ Kb8 66. Rf8+ Ka7 67. Rf7 Bd4 68. Kd3 c5 69. Kc4 Ka6 70. Rf8 Kb6 71. Kd5 Kc7 72. Rf7+ Kd8 73. Kd6 Ke8 74. Rf3 c4 75. Kd5 c3 76. Kxd4 c2 0-1

[Event "Hart House Reading Week op"]
[Site "Toronto CAN"]
[Date "2017.02.18"]
[Round "1"]
[White "Yu, Jonathan"]
[Black "Yu, Wenlu"]
[Result "0-1"]
[WhiteElo "2168"]
[BlackElo "2138"]
[WhiteFideId "-1"]
[WhiteFideId "-1"]
[PlyCount "72"]
[GameId "2160767908478439"]
[EventDate "2017.02.18"]
[EventType "swiss"]
[EventRounds "6"]
[EventCountry "CAN"]
[SourceTitle "EXT 2022"]
[Source "ChessBase"]
[SourceDate "2021.10.06"]
[SourceVersion "1"]
[SourceVersionDate "2021.10.06"]
[SourceQuality "1"]

1. e4 c5 2. Nf3 e6 3. c3 Nf6 4. e5 Nd5 5. Bc4 Nb6 6. Bb3 Nc6 7. O-O d6 8. d4 c4 9. Bc2 dxe5 10. dxe5 Qc7 11. Qe2 Bd7 12. Nbd2 Ne7 13. a4 Rc8 14. Ng5 Ng6 15. f4 Nd5 16. Nde4 Be7 17. Qh5 Kf8 18. Kh1 Kg8 19. Nxf7 Kxf7 20. Ng5+ Bxg5 21. f5 exf5 22. Bxg5 Rhe8 23. Bxf5 Bxf5 24. Qxh7 Qxe5 25. Qh3 Ndf4 26. Qg3 Rcd8 27. Bxd8 Rxd8 28. Rae1 Qd6 29. Qf3 Kg8 30. Qxb7 Be6 31. Qxa7 Bd5 32. Rg1 Nxg2 33. Rxg2 Bxg2+ 34. Kxg2 Qd2+ 35. Qf2 Nf4+ 36. Kf3 Qxf2+ 0-1